| 000 | 00373nam a2200133Ia 4500 | ||
|---|---|---|---|
| 008 | 240624s9999 xx 000 0 und d | ||
| 041 | _aeng | ||
| 082 | _a658.404 HAR | ||
| 100 | _aHARVARD BUSINESS SCHOOL PRESS | ||
| 245 | _aHARVARD BUSINESS REVIEW ON MANAGING PROJ | ||
| 260 |
_c2005 _aUSA _bHarvard Businesss School Press |
||
| 300 | _avii, : 190p. ; 20cm. | ||
| 365 |
_c _b30 |
||
| 999 |
_c4622 _d4622 |
||